| 000 | 01229nac a22002771u 4500 | ||
|---|---|---|---|
| 010 | _a2002513116 | ||
| 020 | _a0471152323 (alk. paper) | ||
| 082 | 0 | 4 |
_a621.4021 _bS6994 |
| 090 |
_c929 _d929 |
||
| 100 | _aSonntag, Richard Edwin | ||
| 245 | 1 | 0 |
_aFundamentals of thermodynamics / _cRichard E. Sonntag, Claus Borgnakke, Gordon J. Van Wylen. |
| 246 | 3 | 0 | _aThermodynamics |
| 250 | _a6th ed. | ||
| 260 |
_aNew York : _bWiley, _cc2003. |
||
| 300 |
_axvii, 794 p. : _bill. (some col.) ; _c26 cm. + _e1 CD-ROM (4 3/4 in.) |
||
| 500 | _aFirst-4th eds. under title: Fundamentals of classical thermodynamics / Gordon J. Van Wylen. | ||
| 504 | _aIncludes bibliographical references (p. 773) and index. | ||
| 650 | 0 | _aThermodynamics. | |
| 700 | 1 |
_aBorgnakke, C. _q(Claus) |
|
| 700 | 1 | _aVan Wylen, Gordon John. | |
| 700 | 1 | _aVan Wylen, Gordon John. | |
| 856 | 4 | 2 |
_3Publisher description _uhttp://www.loc.gov/catdir/description/wiley036/2002513116.html |
| 856 | 4 | 2 |
_3Table of contents _uhttp://www.loc.gov/catdir/toc/fy032/2002513116.html |
| 942 |
_cBB _k621.4021S6994 |
||
| 999 |
_c929 _d929 |
||